000 00449nam a2200169 a 4500
001 0000-8841
003 ELIB.Books
008 110520 1990
035 _a(ELIB.Books)0000-8987
082 _a270
_bSch
100 _aSchattschneider, allen W.
245 _aThrough five hundred years
260 _bU.S. A: The Moravian Church in America
_c1990
650 _aChurch History
942 _2ddc
_cBK
998 _cbat
_e2011-05-20
999 _c8841
_d8841